Statistics for Who Directed That Movie #5

Click here to take the quiz!

General Stats

  • This quiz has been taken 58 times
  • The average score is 13 of 22

Answer Stats

MoviesDirector% Correct
Pan's Labyrinth; HellboyGuillermo del Toro
82%
Gravity; Y tu mamá tambiénAlfonso Cuarón
78%
La Dolce Vita; 8½Federico Fellini
76%
Get Out; UsJordan Peele
76%
Whiplash; La La LandDamien Chazelle
71%
Parasite; SnowpiercerBong Joon-ho
69%
Amores perros; BirdmanAlejandro
González Iñárritu
67%
Lawrence of Arabia;
The Bridge on the River Kwai
David Lean
67%
The Thin Red Line; The Tree of LifeTerrence Malick
67%
Sunset Boulevard; The ApartmentBilly Wilder
65%
One Flew over the Cuckoo's Nest;
Amadeus
Milos Forman
65%
Before Sunrise; BoyhoodRichard Linklater
64%
Blade Runner 2049; ArrivalDenis Villeneuve
60%
On the Waterfront;
A Streetcar Named Desire
Elia Kazan
60%
The Fifth Element; Léon: The ProfessionalLuc Besson
60%
Lady Bird; Little WomenGreta Gerwig
56%
The Expendables; RamboSylvester Stallone
56%
The Truman Show;
Dead Poets Society
Peter Weir
45%
Throw Momma from the Train; MatildaDanny DeVito
44%
The Pink Panther;
Breakfast at Tiffany's
Blake Edwards
27%
High Noon; From Here to EternityFred Zinnemann
25%
Winchester '73; The Naked SpurAnthony Mann
18%

Score Distribution

Percentile by Number Answered

Percent of People with Each Score

Your Score History

You have not taken this quiz